Sports Quiz

Random Sports or Football Quiz

English Top Two Divisions Top Scorers by Season Quiz Stats

 Plays Quiz not verified by Sporcle

Challenge
Share
Tweet
Embed
Score 0/156 Timer 20:00
0 Plays Today
Hint Answer % Correct
2016/2017 Tottenham Hotspur (29)Harry Kane
100%
2015/2016 Tottenham Hotspur (25)Harry Kane
100%
2013/2014 Liverpool FC (31)Luis Suarez
100%
2005/2006 Arsenal FC (27)Thierry Henry
100%
2004/2005 Arsenal FC (25)Thierry Henry
100%
2003/2004 Arsenal FC (30)Thierry Henry
100%
2001/2002 Arsenal FC (24)Thierry Henry
100%
2014/2015 Manchester City (26)Sergio Aguero
98.6%
2009/2010 Chelsea FC (29)Didier Drogba
98.6%
2006/2007 Chelsea FC (20)Didier Drogba
98.6%
2007/2008 Manchester United (31)Cristiano Ronaldo
97.3%
1998/1999 Liverpool FC (18)Michael Owen
97.3%
1997/1998 Liverpool FC (18)Michael Owen
97.3%
1996/1997 Newcastle United (25)Alan Shearer
97.3%
1995/1996 Blackburn Rovers (31)Alan Shearer
97.3%
1994/1995 Blackburn Rovers (34)Alan Shearer
97.3%
1993/1994 Newcastle United (34)Andy Cole
95.9%
1991/1992 Blackburn Rovers (23)Duncan Shearer
95.9%
1999/2000 Sunderland AFC (30)Kevin Phillips
94.6%
1998/1999 Manchester United (18)Dwight Yorke
94.6%
1997/1998 Sunderland AFC (29)Kevin Phillips
94.6%
1991/1992 Arsenal FC (29)Ian Wright
91.9%
1983/1984 Liverpool FC (32)Ian Rush
91.9%
1997/1998 Blackburn Rovers (18)Chris Sutton
90.5%
2000/2001 Chelsea FC (23)Jimmy Floyd Hasselbaink
89.2%
1998/1999 Leeds United (18)Jimmy Floyd Hasselbaink
89.2%
2010/2011 Manchester United (21)Dimitar Berbatov
87.8%
2012/2013 Manchester United (26)Robin van Persie
86.5%
2011/2012 Arsenal FC (30)Robin van Persie
86.5%
1992/1993 Tottenham Hotspur (22)Teddy Sheringham
86.5%
1990/1991 Arsenal FC (23)Alan Smith
86.5%
1988/1989 Arsenal FC (23)Alan Smith
86.5%
1957/1958 Tottenham Hotspur (36)Bobby Smith
86.5%
1990/1991 Millwall FC (38)Teddy Sheringham
86.5%
2010/2011 Manchester City (21)Carlos Tevez
83.8%
2002/2003 Manchester United (25)Ruud van Nistelrooy
83.8%
1989/1990 Tottenham Hotspur (24)Gary Lineker
82.4%
1985/1986 Everton FC (30)Gary Lineker
82.4%
1984/1985 Leicester City (24)Gary Lineker
82.4%
1982/1983 Leicester City (26)Gary Lineker
82.4%
2008/2009 Chelsea FC (19)Nicolas Anelka
81.1%
1997/1998 Coventry City (18)Dion Dublin
81.1%
1968/1969 Tottenham Hotspur (27)Jimmy Greaves
70.3%
1964/1965 Tottenham Hotspur (29)Jimmy Greaves
70.3%
1963/1964 Tottenham Hotspur (35)Jimmy Greaves
70.3%
1962/1963 Tottenham Hotspur (37)Jimmy Greaves
70.3%
1960/1961 Chelsea FC (41)Jimmy Greaves
70.3%
1958/1959 Chelsea FC (33)Jimmy Greaves
70.3%
1967/1968 Manchester United (28)George Best
68.9%
2003/2004 Crystal Palace (27)Andy Johnson
68.9%
2011/2012 Southampton FC (27)Rickie Lambert
67.6%
1976/1977 Aston Villa (25)Andy Gray
64.9%
Hint Answer % Correct
2015/2016 Burnley FC (25)Andre Gray
64.9%
1981/1982 Southampton FC (26)Kevin Keegan
63.5%
2016/2017 Leeds United (27)Chris Wood
62.2%
1987/1988 Liverpool FC (26)John Aldridge
59.5%
1995/1996 Tranmere Rovers (26)John Aldridge
59.5%
1994/1995 Tranmere Rovers (24)John Aldridge
59.5%
1984/1985 Oxford United (30)John Aldridge
59.5%
1986/1987 Tottenham Hotspur (33)Clive Allen
55.4%
1954/1955 West Bromwich Albion (27)Ronnie Allen
55.4%
1979/1980 Queens Park Rangers (28)Clive Allen
55.4%
1955/1956 Bolton Wanderers (33)Nat Lofthouse
54.1%
1971/1972 Manchester City (33)Francis Lee
52.7%
1967/1968 Southampton FC (28)Ron Davies
51.4%
1966/1967 Southampton FC (37)Ron Davies
51.4%
1982/1983 Watford FC (27)Luther Blissett
50%
1969/1970 West Bromwich Albion (25)Jeffrey Astle
48.6%
1984/1985 Chelsea FC (24)Kerry Dixon
45.9%
1980/1981 Aston Villa (20)Peter Withe
45.9%
2001/2002 Manchester City (28)Shaun Goater
45.9%
2000/2001 Fulham FC (27)Louis Saha
45.9%
1983/1984 Chelsea FC (28)Kerry Dixon
45.9%
2014/2015 Ipswich Town (27)Daryl Murphy
43.2%
1989/1990 Newcastle United (32)Micky Quinn
41.9%
1986/1987 Portsmouth FC (22)Micky Quinn
41.9%
1999/2000 Charlton Athletic (24)Andrew Hunt
39.2%
1961/1962 Liverpool FC (41)Roger Hunt
39.2%
1976/1977 Arsenal FC (25)Malcolm MacDonald
37.8%
1974/1975 Newcastle United (21)Malcolm MacDonald
37.8%
1973/1974 Southampton FC (21)Mick Channon
36.5%
1950/1951 Blackpool FC (30)Stan Mortensen
35.1%
2012/2013 Crystal Palace (30)Glenn Murray
35.1%
2009/2010 Cardiff City (20)Peter Whittingham
35.1%
1992/1993 Portsmouth FC (42)Guy Whittingham
35.1%
1959/1960 Middlesbrough FC (39)Brian Clough
35.1%
1958/1959 Middlesbrough FC (42)Brian Clough
35.1%
1977/1978 Everton FC (30)Bob Latchford
32.4%
1970/1971 West Bromwich Albion (28)Tony Brown
32.4%
1971/1972 Birmingham City (23)Bob Latchford
32.4%
1998/1999 West Bromwich Albion (31)Lee Hughes
31.1%
1980/1981 Tottenham Hotspur (20)Steve Archibald
29.7%
1978/1979 Bolton Wanderers (24)Frank Worthington
29.7%
1972/1973 West Ham United (28)Pop Robson
29.7%
2008/2009 Wolverhampton Wanderers (25)Sylvain Ebanks-Blake
29.7%
2007/2008 Wolverhampton Wanderers (23)Sylvain Ebanks-Blake
29.7%
1978/1979 West Ham United (24)Bryan Stanley Robson
29.7%
1949/1950 Sunderland AFC (25)Dickie Davis
27%
2013/2014 Leeds United (29)Ross McCormack
24.3%
1956/1957 Leeds United (38)John Charles
23%
1953/1954 Leeds United (42)John Charles
23%
1950/1951 Barnsley FC (33)Cec McCormack
23%
1959/1960 Manchester United (32)Dennis Viollet
20.3%
2005/2006 Watford FC (21)Marlon King
18.9%
Hint Answer % Correct
1981/1982 Rotherham United (22)Ronnie Moore
18.9%
1965/1966 Southampton FC (30)Martin Chivers
18.9%
2004/2005 Wigan Athletic (24)Nathan Ellington
17.6%
1988/1989 Hull City (26)Keith Edwards
17.6%
1968/1969 Cardiff City (22)John Toshack
16.2%
1961/1962 Ipswich Town (33)Raymond Crawford
14.9%
1997/1998 Nottingham Forest (29)Pierre van Hooijdonk
14.9%
1996/1997 Bolton Wanderers (24)John McGinlay
14.9%
1993/1994 Bolton Wanderers (25)John McGinlay
14.9%
1976/1977 Blackpool FC (26)Mick Walsh
14.9%
1960/1961 Ipswich Town (39)Ray Crawford
14.9%
1991/1992 Blackburn Rovers (23)David Speedie
13.5%
1974/1975 Aston Villa (20)Brian Little
13.5%
1979/1980 Southampton FC (23)Phil Boyer
12.2%
1975/1976 Norwich City (23)Ted MacDougall
12.2%
2010/2011 Watford FC (24)Danny Graham
10.8%
1980/1981 West Ham United (22)David Cross
10.8%
1962/1963 Chelsea FC (35)Bobby Tambling
10.8%
2006/2007 Colchester United (23)Jamie Cureton
9.5%
2002/2003 Portsmouth FC (26)Svetoslav Todorov
9.5%
1975/1976 Charlton Athletic (28)Derek Hales
8.1%
1957/1958 Leyton Orient (43)Tommy Johnston
8.1%
1985/1986 Norwich City (22)Kevin Drinkell
6.8%
1956/1957 Leicester City (44)Arthur Rowley
6.8%
1952/1953 Leicester City (39)Arthur Rowley
6.8%
1951/1952 Newcastle United (33)Jorge Robledo
5.4%
2009/2010 Bristol City (20)Nicky Maynard
5.4%
1961/1962 West Bromwich Albion (33)Derek Kevan
4.1%
1966/1967 Coventry City (24)Bobby Gould
4.1%
1963/1964 Portsmouth FC (33)Ron Saunders
4.1%
1965/1966 Burnley FC (29)Willie Irvine
2.7%
1977/1978 Blackpool FC (22)Robert Hatton
2.7%
1973/1974 Nottingham Forest (26)Duncan McKenzie
2.7%
1972/1973 Queens Park Rangers (23)Don Givens
2.7%
1952/1953 Preston North End (24)Charlie Wayman
1.4%
1947/1948 Arsenal FC (33)Ronnie Rooke
1.4%
1987/1988 Darlington FC (28)David Currie
1.4%
1951/1952 Sheffield Wednesday (46)Derek Dooley
1.4%
1948/1949 Southampton FC (32)Charlie Wayman
1.4%
1946/1947 Newcastle United (30)Charlie Wayman
1.4%
1964/1965 Blackburn Rovers (29)Andy McEvoy
0%
1953/1954 West Bromwich Albion (29)Johnny Nicholls
0%
1953/1954 Huddersfield Town (29)Jimmy Glazzard
0%
1948/1949 Bolton Wanderers (25)Willie Moir
0%
1946/1947 Wolverhampton Wanderers (37)Dennis Westcott
0%
1970/1971 Middlesbrough FC (25)John Hickton
0%
1969/1970 Middlesbrough FC (24)John Hickton
0%
1967/1968 Middlesbrough FC (24)John Hickton
0%
1955/1956 Leicester City (34)William Gardiner
0%
1954/1955 Blackburn Rovers (33)Thomas Briggs
0%
1949/1950 Grimsby Town (35)Thomas Briggs
0%
1947/1948 Sheffield Wednesday (23)Eddie Quigley
0%

You're not logged in!

Compare scores with friends on all Sporcle quizzes.
Join for Free
OR
Log In

You Might Also Like...

Show Comments

Extras

Top Quizzes Today


Score Distribution

Your Account Isn't Verified!

In order to create a playlist on Sporcle, you need to verify the email address you used during registration. Go to your Sporcle Settings to finish the process.

Report this User

Report this user for behavior that violates our Community Guidelines.

Details: